Kỹ thuật số: Sách được dùng làm giáo trình cho các trườngđại học kỹ thuật
Saved in:
| Main Author: | |
|---|---|
| Format: | Book |
| Language: | Undetermined |
| Published: |
Hà Nội
Khoa học và Kỹ thuật
2006
|
| Subjects: | |
| Tags: |
Add Tag
No Tags, Be the first to tag this record!
|
| Institutions: | Trung tâm Học liệu Trường Đại học Cần Thơ |
|---|
| LEADER | 00618nam a2200193Ia 4500 | ||
|---|---|---|---|
| 001 | CTU_122083 | ||
| 008 | 210402s9999 xx 000 0 und d | ||
| 082 | |a 621.381 | ||
| 082 | |b V121 | ||
| 100 | |a Nguyễn, Thúy Vân | ||
| 245 | 0 | |a Kỹ thuật số: | |
| 245 | 0 | |b Sách được dùng làm giáo trình cho các trườngđại học kỹ thuật | |
| 245 | 0 | |c Nguyễn Thúy Vân | |
| 260 | |a Hà Nội | ||
| 260 | |b Khoa học và Kỹ thuật | ||
| 260 | |c 2006 | ||
| 650 | |a Digital electronics. | ||
| 904 | |i Minh | ||
| 980 | |a Trung tâm Học liệu Trường Đại học Cần Thơ | ||